| 000 | 00599nam a22001817a 4500 | ||
|---|---|---|---|
| 999 |
_c175049 _d175049 |
||
| 005 | 20200805145338.0 | ||
| 010 | _aENG-128314 | ||
| 020 |
_c950.00 _a9789352836093 |
||
| 035 | _aEN-111846 | ||
| 037 | _bDBAD/PUB | ||
| 082 | _a541 | ||
| 100 | _aBahl,Arun | ||
| 245 |
_aEssentials of Physical Chemistry/ _cby Arun Bahl, B S Bahl [and] G D Tuli |
||
| 260 |
_aNew Delhi _bS.Chand _c2019 |
||
| 270 |
_aHead Office:7361,Ram Nagar,Qutab Rord _bNew Delhi _e110055 _k23672080 _l91-11-23677446 _minfo@schandpublishing.com |
||
| 300 |
_axviii;1222p. _c24cm(pbk) |
||
| 942 |
_2ddc _cEN _h541 _mBAH |
||